Introduction to Astronomical Spectroscopy
Shranjeno v:
| Glavni avtor: | |
|---|---|
| Format: | Knjiga |
| Jezik: | angleščina |
| Izdano: |
Nueva York
Cambridge University Press
2013
|
| Izdaja: | 1a. ed |
| Serija: | Cambridge Observing Handbooks for Research Astronomers, 9
|
| Teme: | |
| Oznake: |
Označite
Brez oznak, prvi označite!
|
MARC
| LEADER | 00000cam a2200000 a 4500 | ||
|---|---|---|---|
| 001 | UCC3049 | ||
| 003 | CL-VaPUC | ||
| 008 | 180413e20130000us |||||||||||||||||eng|d | ||
| 020 | |a 9781107601796 | ||
| 082 | 0 | 4 | |a 523.01 |b APP |2 21 |
| 100 | 0 | |a Appenzeller, Immo |e author |9 597093 | |
| 245 | 1 | 0 | |a Introduction to Astronomical Spectroscopy |
| 250 | |a 1a. ed | ||
| 300 | |a 254 p | ||
| 942 | |c BK | ||
| 945 | |d 20180413 15:45:00 |a dcastane | ||
| 260 | |a Nueva York |b Cambridge University Press |c 2013 | ||
| 650 | 0 | |a Astrofísica |9 269137 | |
| 650 | 7 | |a RADIACION COSMICA |2 CL-VaPUC |9 360127 | |
| 650 | 7 | |a ESPECTROSCOPIA ASTRONOMICA |2 CL-VaPUC |9 597094 | |
| 583 | |a last modification |c 20180413 15:45:00 |k Rodrigo Vera | ||
| 490 | 0 | |a Cambridge Observing Handbooks for Research Astronomers, 9 | |
| 999 | |c 370908 |d 370906 | ||
| 952 | |0 0 |1 0 |3 erb |4 0 |6 523_010000000000000_APP_2013 |7 0 |8 A |9 487670 |a BIBCUR |b BIBCUR |i 546384K |o 523.01 APP 2013 |p 546384K |r 2025-04-22 |w 2019-11-24 |y BK |z Catalogado en:20180413 |k FIS | ||
| 952 | |0 0 |1 0 |3 erb |4 0 |6 523_010000000000000_APP_2013 |7 0 |8 A |9 487671 |a BIBCUR |b BIBCUR |i 5463831 |o 523.01 APP 2013 |p 5463831 |r 2025-04-22 |w 2019-11-24 |y BK |z Catalogado en:20180413 |k FIS | ||
| 952 | |0 0 |1 0 |3 erb |4 0 |6 523_010000000000000_APP_2013 |7 0 |8 A |9 487672 |a BIBCUR |b BIBCUR |i 5463823 |l 4 |o 523.01 APP 2013 |p 5463823 |r 2025-04-22 |s 2022-09-22 |w 2019-11-24 |y BK |z Catalogado en:20180413 |k FIS | ||